[Event "Russian Championship B15 2016"]
[Site "Loo"]
[Date "2016.04.24"]
[Round "5.8"]
[White "Salemgareev, Tagir"]
[Black "Zaika, Daniil"]
[Result "0-1"]
[WhiteElo "2262"]
[BlackElo "2077"]
[PlyCount "98"]
[EventDate "2016.04.20"]

1. d4 d5 2. c4 Bf5 3. Nf3 e6 4. Nc3 Nc6 5. a3 Nf6 6. Bg5 Be7 7. e3 Ne4 8. Bxe7
Nxe7 9. Bd3 Nxc3 10. bxc3 dxc4 11. Bxf5 Nxf5 12. Qa4+ c6 13. Qxc4 Nd6 14. Qd3
Qa5 15. O-O Qf5 16. Qe2 O-O 17. Rfe1 Ne4 18. Qb2 c5 19. a4 Rfc8 20. Rac1 Rc7
21. Ne5 Rac8 22. f3 Nd6 23. e4 Qg5 24. c4 cxd4 25. Qxd4 f6 26. Nd3 Nxc4 27.
Qxa7 b6 28. Qa6 Qd2 29. Rcd1 Qa5 30. Qxa5 bxa5 31. Rb1 Rd8 32. Nf4 Kf7 33. Rec1
g5 34. Ne2 Rd2 35. Ng3 Ra2 36. Nf1 Rxa4 37. Rb3 Ke7 38. Rbc3 Kd6 39. Nd2 Nxd2
40. Rxc7 Nb3 41. R1c6+ Ke5 42. Re7 Nd4 43. Ra6 Ra1+ 44. Kf2 Ra2+ 45. Ke1 Rxg2
46. Rxa5+ Kf4 47. Rxh7 Nxf3+ 48. Kf1 Rxh2 49. Rf7 Kg3 0-1

[Event "Russian Championship B15 2016"]
[Site "Loo"]
[Date "2016.04.24"]
[Round "5.9"]
[White "Talypov, Ildar"]
[Black "Golikov, Daniil"]
[Result "1/2-1/2"]
[WhiteElo "1993"]
[BlackElo "2152"]
[PlyCount "126"]
[EventDate "2016.04.20"]

1. d4 d5 2. c4 c6 3. Nc3 Nf6 4. e3 e6 5. Nf3 Nbd7 6. Bd3 dxc4 7. Bxc4 b5 8. Bd3
a6 9. e4 c5 10. d5 c4 11. Bc2 Qc7 12. dxe6 fxe6 13. O-O Bc5 14. Qe2 Ne5 15.
Nxe5 Qxe5 16. Kh1 O-O 17. f4 Qh5 18. Qxh5 Nxh5 19. e5 g5 20. Ne4 Be7 21. f5
exf5 22. Bxg5 Bxg5 23. Nxg5 Ng7 24. Rad1 Ra7 25. Rd6 Re7 26. Re1 Rfe8 27. Nf3
Bb7 28. e6 Bxf3 29. gxf3 f4 30. Be4 Kf8 31. Rxa6 Rxe6 32. Rxe6 Rxe6 33. Rd1 h6
34. Rd5 Rb6 35. Kg2 Ne6 36. h4 Ke7 37. Rf5 b4 38. Bd5 c3 39. bxc3 bxc3 40. Bxe6
Kxe6 41. Rc5 Rb2+ 42. Kh3 c2 43. a4 Kd6 44. Rc8 Kd5 45. a5 Kd4 46. a6 Ra2 47.
Kg4 Kd3 48. Rd8+ Ke3 49. Re8+ Kd2 50. Rd8+ Kc1 51. Rd6 Ra3 52. Rb6 Kd2 53. Rd6+
Ke3 54. Rc6 Ra2 55. a7 Rxa7 56. Rxc2 Rg7+ 57. Kf5 Kxf3 58. Rc3+ Kg2 59. Kxf4 h5
60. Kf5 Rg4 61. Ra3 Rxh4 62. Kg5 Rh1 63. Ra2+ Kg3 1/2-1/2

[Event "Russian Championship B15 2016"]
[Site "Loo"]
[Date "2016.04.24"]
[Round "5.10"]
[White "Babanin, Gleb"]
[Black "Sokolov, Nikita Dm"]
[Result "1-0"]
[WhiteElo "1992"]
[BlackElo "2126"]
[PlyCount "83"]
[EventDate "2016.04.20"]

1. e4 c5 2. Nf3 d6 3. d4 cxd4 4. Nxd4 Nf6 5. Nc3 a6 6. f3 e5 7. Nb3 Be6 8. Be3
Be7 9. Qd2 O-O 10. O-O-O Nbd7 11. g4 b5 12. g5 b4 13. Ne2 Ne8 14. h4 a5 15. Kb1
a4 16. Nbc1 b3 17. Nc3 Nc7 18. Be2 bxc2+ 19. Qxc2 a3 20. b3 Ra5 21. f4 exf4 22.
Bxf4 Nb6 23. Bd3 Kh8 24. Rhe1 Bg4 25. Be2 Bxe2 26. Rxe2 Ne6 27. Bxd6 Bxd6 28.
e5 Rc5 29. Rxd6 Qc7 30. Re3 Rxe5 31. Rxe5 Qxd6 32. Qe2 Qd4 33. Nb5 Qxh4 34.
Nxa3 Nxg5 35. Qe3 f6 36. Re8 Qb4 37. Nc2 Qd6 38. Qxb6 Rxe8 39. Qxd6 Ne4 40. Qc6
Nd2+ 41. Kb2 Rg8 42. Qg2 1-0

[Event "Russian Championship B15 2016"]
[Site "Loo"]
[Date "2016.04.24"]
[Round "5.11"]
[White "Remizov, Yaroslav"]
[Black "Mnatsakanian, Arsen"]
[Result "0-1"]
[WhiteElo "2124"]
[BlackElo "2037"]
[PlyCount "118"]
[EventDate "2016.04.20"]

1. e4 c5 2. Nf3 e6 3. d4 cxd4 4. Nxd4 Nf6 5. Nc3 Nc6 6. Be2 Bb4 7. O-O O-O 8.
Bg5 h6 9. Bh4 Be7 10. Nxc6 bxc6 11. e5 Ne8 12. Bxe7 Qxe7 13. Ne4 f5 14. exf6
Nxf6 15. Qd6 Kf7 16. Rad1 Qxd6 17. Nxd6+ Ke7 18. c4 Ne8 19. c5 Nxd6 20. cxd6+
Kf7 21. Rd4 Rb8 22. b3 Rb6 23. Rc1 Ba6 24. Bh5+ Kg8 25. Rc5 Rb5 26. Rxb5 Bxb5
27. a4 c5 28. Re4 Bc6 29. Re5 Bd5 30. Bf3 Bxf3 31. gxf3 Rf5 32. Re4 a5 33. f4
Kf7 34. Kf1 Kf6 35. Ke2 Rd5 36. Rc4 e5 37. fxe5+ Kxe5 38. Rg4 g5 39. h4 Kxd6
40. hxg5 hxg5 41. f4 gxf4 42. Rxf4 Rd4 43. Rf6+ Kd5 44. Ra6 Rb4 45. Rxa5 Rxb3
46. Ra7 d6 47. a5 Kc4 48. Kd2 d5 49. a6 Ra3 50. Ra8 d4 51. a7 Ra2+ 52. Kc1 d3
53. Kb1 Ra5 54. Kb2 Ra6 55. Kb1 Kc3 56. Rc8 d2 57. Rxc5+ Kd4 58. a8=Q d1=Q+ 59.
Kb2 Rb6+ 0-1

[Event "Russian Championship B15 2016"]
[Site "Loo"]
[Date "2016.04.24"]
[Round "5.12"]
[White "Ivanov, Daniil"]
[Black "Pavlov, Danila"]
[Result "0-1"]
[WhiteElo "1975"]
[BlackElo "2094"]
[PlyCount "76"]
[EventDate "2016.04.20"]

1. e4 e6 2. Nf3 d5 3. Nc3 Nf6 4. e5 Nfd7 5. d4 c5 6. dxc5 Nc6 7. Bf4 Be7 8. Bg3
Nxc5 9. Be2 O-O 10. O-O f5 11. exf6 Bxf6 12. Bd3 a6 13. Qe2 b5 14. Ne5 Nxe5 15.
Bxe5 b4 16. Nd1 Bb7 17. Qh5 Nxd3 18. cxd3 d4 19. Bxf6 gxf6 20. Qg4+ Kf7 21.
Qh5+ Kg8 22. Qg4+ Kf7 23. Qh5+ Ke7 24. Re1 Qd5 25. Qh3 Rg8 26. f3 e5 27. Qxh7+
Kd6 28. Qe4 Rxg2+ 29. Kf1 Qf7 30. Qf5 Rg5 31. Qh3 Rh5 32. Qg2 Rg8 33. Qd2 Bxf3
34. Qxb4+ Kd7 35. Rc1 Rg1+ 36. Kf2 Rxh2+ 37. Kxf3 Qh5+ 38. Ke4 Rxe1+ 0-1

[Event "Russian Championship B15 2016"]
[Site "Loo"]
[Date "2016.04.24"]
[Round "5.13"]
[White "Shidlovskiy, Artemiy"]
[Black "Geshko, Aleksey"]
[Result "0-1"]
[WhiteElo "1879"]
[BlackElo "2179"]
[PlyCount "116"]
[EventDate "2016.04.20"]

1. d4 Nf6 2. Nf3 e6 3. c4 Bb4+ 4. Bd2 c5 5. Bxb4 cxb4 6. g3 O-O 7. Bg2 d6 8.
O-O Nc6 9. Nbd2 e5 10. d5 Ne7 11. e4 Nd7 12. a3 bxa3 13. Rxa3 b6 14. Ne1 f5 15.
f4 exf4 16. gxf4 fxe4 17. Bxe4 Nf6 18. Bc2 b5 19. Ng2 Bg4 20. Qe1 bxc4 21. Nxc4
Nexd5 22. Rd3 Qc8 23. Bb3 Kh8 24. Qa5 Be2 25. Rxd5 Bxf1 26. Kxf1 Nxd5 27. Qxd5
Rb8 28. Bc2 Qg4 29. Qe4 Qh3 30. Nxd6 Rbd8 31. Nc4 Rde8 32. Ne5 Rc8 33. Kf2 Qxh2
34. Bb3 Qh5 35. Qd5 Rc7 36. Qd6 Rcc8 37. Qe7 Rb8 38. Kg1 a5 39. Be6 h6 40. Bf7
Rxf7 41. Nxf7+ Kg8 42. Ne5 Rxb2 43. Qe6+ Kh7 44. Nf7 Rb1+ 45. Kf2 Rb2+ 46. Kg1
Rb1+ 47. Kf2 Rb8 48. Nd6 Rb2+ 49. Kg1 Qg6 50. Qxg6+ Kxg6 51. Nc4 Rb1+ 52. Kf2
a4 53. Ke2 Rb4 54. Nce3 h5 55. Kd3 a3 56. Nc2 a2 57. Nge3 Rb1 58. Ke4 a1=Q 0-1

[Event "Russian Championship B15 2016"]
[Site "Loo"]
[Date "2016.04.24"]
[Round "5.14"]
[White "Pesotskiy, Mikhail"]
[Black "Isaykin, Artem"]
[Result "0-1"]
[WhiteElo "2152"]
[BlackElo "1924"]
[PlyCount "140"]
[EventDate "2016.04.20"]

1. c4 e5 2. g3 f5 3. Bg2 Nf6 4. Nc3 Bb4 5. e3 Bxc3 6. bxc3 d6 7. Ne2 c5 8. O-O
O-O 9. d3 Nc6 10. f3 Qe8 11. h3 Qg6 12. Qe1 f4 13. e4 Nh5 14. g4 Nf6 15. Qh4 h5
16. Kf2 hxg4 17. hxg4 Nh7 18. Ke1 Ng5 19. Bd2 Qf6 20. Rh1 Ne7 21. Ng1 Ng6 22.
Qf2 Bd7 23. Nh3 Ne6 24. a4 b6 25. Ke2 Rfb8 26. Rhb1 Ne7 27. Qe1 Nc6 28. Nf2 Kf7
29. Kd1 Rh8 30. Nh3 Qe7 31. Qf2 Qe8 32. Ra3 Na5 33. Rba1 Qe7 34. Kc2 Nc6 35.
Qf1 Ke8 36. Be1 Kd8 37. Bf2 Kc7 38. Be1 Rh7 39. Bd2 Na5 40. Qf2 Rah8 41. Qf1
Qf7 42. Be1 Qg8 43. Bf2 Nd8 44. Be1 Rh6 45. Nf2 Be6 46. Nd1 Nf7 47. Nb2 Ng5 48.
Bd2 Rh2 49. Re1 Qc8 50. Qe2 R8h3 51. Qf1 Rg3 52. Bh1 Qh8 53. Raa1 Qh3 54. Qxh3
Rhxh3 55. Rg1 Nxf3 56. Rxg3 Rxg3 57. Bxf3 Rxf3 58. Rg1 Rg3 59. Rxg3 fxg3 60. g5
Bg4 61. Be3 Nc6 62. Kd2 Ne7 63. Bg1 Ng6 64. d4 Nh4 65. Be3 Nf3+ 66. Ke2 cxd4
67. cxd4 exd4 68. Bf4 g2 69. c5 g1=Q 70. Bxd6+ Kc6 0-1

[Event "Russian Championship B15 2016"]
[Site "Loo"]
[Date "2016.04.24"]
[Round "5.15"]
[White "Osipov, Daniil"]
[Black "Bedenko, Nikita"]
[Result "0-1"]
[WhiteElo "2068"]
[BlackElo "1917"]
[PlyCount "66"]
[EventDate "2016.04.20"]

1. e4 c5 2. Nf3 Nc6 3. d4 cxd4 4. Nxd4 Qc7 5. Nc3 e6 6. Be3 Nf6 7. Ndb5 Qb8 8.
Qd2 a6 9. Bb6 Nxe4 10. Qe3 axb5 11. Qxe4 Bb4 12. Bxb5 O-O 13. O-O d5 14. Qh4
Be7 15. Qh5 Qe5 16. Qxe5 Nxe5 17. Rfe1 Bf6 18. Rad1 Bd7 19. Bd4 Bxb5 20. Nxb5
Nd7 21. a3 Rfc8 22. Bxf6 Nxf6 23. Nd4 Kf8 24. f3 Ra4 25. c3 Ne8 26. f4 Ra6 27.
f5 Ke7 28. fxe6 fxe6 29. Re5 Nf6 30. Nf5+ Kf7 31. Ng3 Rb6 32. Rd2 d4 33. Ne2
dxc3 0-1

[Event "Russian Championship B15 2016"]
[Site "Loo"]
[Date "2016.04.24"]
[Round "5.16"]
[White "Korolev, Kirill"]
[Black "Peisakhov, Imanuil"]
[Result "1-0"]
[WhiteElo "1994"]
[BlackElo "1866"]
[PlyCount "95"]
[EventDate "2016.04.20"]

1. d4 Nf6 2. c4 e6 3. Nc3 d5 4. Nf3 Be7 5. Bg5 h6 6. Bxf6 Bxf6 7. e3 O-O 8. Bd3
b6 9. cxd5 exd5 10. Bc2 c6 11. Qd3 g6 12. Qd2 Bg7 13. h4 Bf5 14. Bxf5 gxf5 15.
Qc2 Qf6 16. Ne2 Nd7 17. Ng3 f4 18. Nh5 Qd6 19. Nxf4 c5 20. dxc5 bxc5 21. O-O
Rab8 22. Rab1 Nb6 23. b3 d4 24. Qd2 Rfd8 25. exd4 cxd4 26. Rbd1 Rd7 27. Nh5
Rbd8 28. Nxg7 Kxg7 29. Qa5 Qf6 30. Qe5 Nc8 31. Rd3 Ne7 32. Qxf6+ Kxf6 33. Rc1
Rd6 34. Nd2 Kg7 35. f4 Nf5 36. Nf3 Ng3 37. Rc4 h5 38. Kh2 Nf5 39. g3 Ra6 40. a4
Rad6 41. Ne5 a6 42. Nc6 R8d7 43. b4 Rd5 44. Na5 Ne3 45. Rc6 R7d6 46. Rc5 Ng4+
47. Kg2 Ne3+ 48. Kf3 {запись неразбор~~ива} 1-0

[Event "Russian Championship B15 2016"]
[Site "Loo"]
[Date "2016.04.24"]
[Round "5.17"]
[White "Brin, Ilya"]
[Black "Rysakov, Anton"]
[Result "0-1"]
[WhiteElo "1862"]
[BlackElo "1979"]
[PlyCount "112"]
[EventDate "2016.04.20"]

1. e4 e6 2. d4 d5 3. exd5 exd5 4. c4 Nf6 5. Nc3 Be7 6. Bd3 O-O 7. Nge2 Nc6 8.
O-O Nb4 9. Bg5 h6 10. Bxf6 Bxf6 11. Rc1 Bg4 12. f3 Be6 13. cxd5 Nxd5 14. Bb1 g6
15. Nxd5 Bxd5 16. Qd3 c6 17. Nf4 Qb6 18. Rfd1 Rfd8 19. b3 Qc7 20. Ne2 Re8 21.
Nc3 Rad8 22. Re1 Be6 23. d5 Qb6+ 24. Kh1 cxd5 25. Na4 Qd6 26. Nc5 Bf5 27. Qd1
Rxe1+ 28. Qxe1 Bc8 29. Nd3 b6 30. f4 Bf5 31. Ne5 Bxb1 32. Rc6 Qe7 33. Qxb1 Bxe5
34. fxe5 Qxe5 35. h3 d4 36. Qd3 Qe3 37. Qc4 Kg7 38. Rc7 Qf2 39. Rc6 d3 40. Qc3+
Qd4 41. Qd2 Re8 42. Rc4 Qd5 43. Qc3+ Kh7 44. Rd4 Re1+ 45. Qxe1 Qxd4 46. Qd2
Qa1+ 47. Kh2 Qe5+ 48. Kh1 Qd4 49. b4 b5 50. a3 Qa1+ 51. Kh2 Qxa3 52. Qf4 Qa2
53. Qd4 d2 54. Qd7 h5 55. h4 a6 56. Kh1 Qa1+ 0-1

[Event "Russian Championship B15 2016"]
[Site "Loo"]
[Date "2016.04.24"]
[Round "5.18"]
[White "Timoshkin, Aleksandr"]
[Black "Akhtariev, Andrey"]
[Result "0-1"]
[WhiteElo "1758"]
[BlackElo "1927"]
[PlyCount "94"]
[EventDate "2016.04.20"]

1. d4 Nf6 2. Nf3 e6 3. Bg5 d5 4. e3 Be7 5. Nbd2 c5 6. c3 Nbd7 7. Bd3 b6 8. O-O
Bb7 9. Ne5 Nxe5 10. dxe5 Nd7 11. Bxe7 Qxe7 12. f4 O-O-O 13. Qa4 c4 14. Be2 Nc5
15. Qa3 g5 16. b4 Na6 17. Qb2 Nc7 18. b5 gxf4 19. Rxf4 Qc5 20. Nf1 Rhg8 21.
Rxf7 d4 22. Bf3 Bxf3 23. Rxf3 dxc3 24. Qxc3 Nxb5 25. Qc2 Rg4 26. h3 Rg6 27. Re1
c3 28. Qe4 Nc7 29. Rf7 Rdg8 30. Re2 Qd5 31. Qc2 Rxg2+ 32. Rxg2 Rxg2+ 33. Qxg2
Qxg2+ 34. Kxg2 c2 35. Nd2 c1=Q 36. Ne4 Qc2+ 37. Kf3 Qd1+ 38. Kf2 Nb5 39. Rxh7
Qd3 40. Rh8+ Kb7 41. Rh7+ Ka6 42. a4 Qxe4 43. axb5+ Kxb5 44. Rxa7 Qxe5 45. Ra2
Qf5+ 46. Kg3 Qe5+ 47. Kf2 Qh2+ 0-1

[Event "Russian Championship B15 2016"]
[Site "Loo"]
[Date "2016.04.24"]
[Round "5.19"]
[White "Shoboev, Dandar"]
[Black "Gasanov, Zaur"]
[Result "0-1"]
[WhiteElo "1846"]
[BlackElo "2148"]
[PlyCount "138"]
[EventDate "2016.04.20"]

1. d4 Nf6 2. c4 g6 3. Nc3 d5 4. cxd5 Nxd5 5. e4 Nxc3 6. bxc3 Bg7 7. Bc4 c5 8.
Be3 O-O 9. Ne2 Nc6 10. f3 Bd7 11. O-O Qc7 12. Rc1 Rad8 13. Qd2 e5 14. d5 Na5
15. Bd3 c4 16. Bc2 b6 17. f4 Nb7 18. fxe5 Bxe5 19. h3 Nd6 20. Bd4 Rde8 21. Rce1
f6 22. Bxe5 fxe5 23. Qg5 Nf7 24. Qh4 Qd8 25. Qg3 Qe7 26. Kh2 Qg5 27. Ng1 Qxg3+
28. Kxg3 Nd6 29. Rxf8+ Kxf8 30. Rf1+ Kg7 31. Nf3 Nf7 32. Kf2 Rc8 33. Ke3 Rc5
34. Rf2 Ra5 35. Bb1 Rb5 36. Bc2 Ra5 37. Bb1 Ra3 38. Kd2 b5 39. Kc2 Ra6 40. Kb2
Rf6 41. Rf1 a5 42. Nd2 Rxf1 43. Nxf1 Kf6 44. a4 Kg5 45. axb5 Bxb5 46. g3 h5 47.
Ba2 h4 48. gxh4+ Kf4 49. Kc2 Nd6 50. Nd2 Ke3 51. Nf1+ Kxe4 52. h5 gxh5 53. Ng3+
Kxd5 54. Nxh5 Ba4+ 55. Kb2 e4 56. Bb1 Ke5 57. Ng3 Be8 58. Kc1 a4 59. Kd2 a3 60.
h4 Ba4 61. h5 Bb3 62. h6 Kf6 63. Ke3 a2 64. Bxa2 Bxa2 65. Kd4 Bb1 66. Kd5 e3
67. Kxd6 Kg6 68. h7 Kxh7 69. Nh5 e2 0-1

[Event "Russian Championship B15 2016"]
[Site "Loo"]
[Date "2016.04.24"]
[Round "5.20"]
[White "Shchukin, Maksim"]
[Black "Shirshov, Nikolay"]
[Result "0-1"]
[WhiteElo "1891"]
[BlackElo "2002"]
[PlyCount "94"]
[EventDate "2016.04.20"]

1. e4 c5 2. Nf3 Qc7 3. d4 cxd4 4. Nxd4 Nc6 5. Nc3 e6 6. Be3 Nf6 7. Qd2 Bb4 8.
f3 Nxd4 9. Qxd4 Bxc3+ 10. Qxc3 Qxc3+ 11. bxc3 d6 12. O-O-O Ke7 13. Be2 e5 14.
Rd2 Be6 15. Rhd1 Rhd8 16. Kb2 a6 17. g4 Rac8 18. Bg5 Rc6 19. f4 h6 20. Bxf6+
Kxf6 21. f5 Bc8 22. h4 Ke7 23. c4 b6 24. Rh1 a5 25. g5 Ba6 26. Kc3 Rdc8 27. f6+
gxf6 28. gxh6 Bxc4 29. Bxc4 Rxc4+ 30. Kd3 Rc3+ 31. Ke2 Rh8 32. Kd1 Rxh6 33. h5
Rc4 34. Re2 Ke6 35. Rh4 b5 36. Rd2 b4 37. Rd5 Rc5 38. Rxc5 dxc5 39. c4 f5 40.
exf5+ Kxf5 41. Ke2 a4 42. Kd3 Kg5 43. Re4 Rd6+ 44. Ke3 f6 45. h6 Kxh6 46. Rh4+
Kg6 47. Rh8 Rd4 0-1

[Event "Russian Championship B15 2016"]
[Site "Loo"]
[Date "2016.04.24"]
[Round "5.21"]
[White "Novikov, Kirill"]
[Black "Levdansky, Alexey"]
[Result "1/2-1/2"]
[WhiteElo "1814"]
[BlackElo "1962"]
[PlyCount "110"]
[EventDate "2016.04.20"]

1. e4 c5 2. Nf3 Nc6 3. d4 cxd4 4. Nxd4 Nf6 5. Nc3 g6 6. Be3 Bg7 7. Bc4 O-O 8.
Bb3 a5 9. a4 d6 10. f3 Ne5 11. Qd2 b6 12. O-O-O Ba6 13. g4 Rc8 14. h4 Bc4 15.
h5 Bxb3 16. cxb3 Qd7 17. hxg6 fxg6 18. Bh6 Rf7 19. Bxg7 Rxg7 20. Kb1 Rf7 21. g5
Nh5 22. Rxh5 gxh5 23. f4 Nc6 24. f5 Nxd4 25. Qxd4 Rc5 26. Nd5 h4 27. Rh1 Rxf5
28. Rg1 Rfxd5 29. exd5 Qf5+ 30. Ka2 h3 31. Qe3 h2 32. Rh1 Qxd5 33. Rxh2 Qe5 34.
Qg1 Qf5 35. Rg2 Qg6 36. Qe3 e5 37. Rf2 Qe8 38. Rf6 Qe7 39. Qh3 Rc7 40. Qh6 Qg7
41. Qh1 Qe7 42. Qf3 e4 43. Qf1 Qe8 44. Rxd6 e3 45. Qe2 Qe5 46. Rd8+ Kg7 47. Qh5
Qe6 48. g6 h6 49. Qf3 Qe7 50. Qd5 e2 51. Rg8+ Kf6 52. Qf3+ Kg5 53. Qg3+ Kh5 54.
Qf3+ Kh4 55. Qf5 Qg5 1/2-1/2

[Event "Russian Championship B15 2016"]
[Site "Loo"]
[Date "2016.04.24"]
[Round "5.22"]
[White "Tyapkin, Petr"]
[Black "Romadov, Dmitriy"]
[Result "1-0"]
[WhiteElo "1962"]
[BlackElo "1533"]
[PlyCount "101"]
[EventDate "2016.04.20"]

1. d4 Nf6 2. Nf3 g6 3. c4 Bg7 4. Nc3 d5 5. Bg5 Ne4 6. Bf4 Nxc3 7. bxc3 c5 8.
cxd5 Qxd5 9. e3 O-O 10. Be2 Nc6 11. O-O Bf5 12. Qa4 cxd4 13. cxd4 Rac8 14. Rac1
Qa5 15. Qb3 b6 16. a3 e6 17. Bb5 Be4 18. Rfd1 Bd5 19. Qb2 Rfd8 20. e4 Bf8 21.
exd5 Bxa3 22. Qb3 Bxc1 23. Rxc1 Nxd4 24. Nxd4 Rxc1+ 25. Bxc1 Qe1+ 26. Bf1 Qxc1
27. Nc6 Re8 28. Nxa7 exd5 29. Qxd5 Qc5 30. Qb3 Ra8 31. Nb5 Ra1 32. Qb2 Rc1 33.
Qb3 Rc2 34. Qe3 Qxe3 35. fxe3 f6 36. Nd4 Rb2 37. Be2 Kg7 38. Kf2 h5 39. g3 g5
40. h3 g4 41. hxg4 hxg4 42. Ke1 Kh6 43. Bxg4 Kg5 44. Be2 f5 45. Kf2 Ra2 46. Kf3
Ra3 47. Bc4 Ra4 48. Bb5 Ra1 49. Bd7 Ra5 50. Bc6 Rc5 51. Ne6+ 1-0

[Event "Russian Championship B15 2016"]
[Site "Loo"]
[Date "2016.04.24"]
[Round "5.23"]
[White "Saratovskiy, Dmitiy"]
[Black "Danilchenko, Dmitrij"]
[Result "0-1"]
[WhiteElo "1938"]
[BlackElo "1815"]
[PlyCount "100"]
[EventDate "2016.04.20"]

1. d4 g6 2. c4 Bg7 3. Nc3 d6 4. e4 Nc6 5. d5 Nd4 6. Be3 c5 7. Nge2 Qb6 8. Na4
Qa5+ 9. Bd2 Qa6 10. Nxd4 Bxd4 11. Bd3 Bd7 12. Nc3 Nf6 13. O-O O-O 14. a3 Qb6
15. Rb1 Ng4 16. Ne2 Bg7 17. f4 e6 18. h3 Nf6 19. Kh1 exd5 20. exd5 Qc7 21. Nc3
Rab8 22. a4 a6 23. Qf3 Rfe8 24. f5 Rf8 25. Bg5 Rbe8 26. Bxf6 Bxf6 27. Ne4 Bh8
28. f6 Re5 29. g4 Rfe8 30. Rg1 Bxa4 31. h4 Bb3 32. h5 Bxc4 33. Bxc4 Rxe4 34.
hxg6 hxg6 35. Bf1 g5 36. Bd3 Rf4 37. Qh3 Bxf6 38. Rbe1 Qd8 39. Qh6 Bg7 40. Bh7+
Kh8 41. Qh5 Rxe1 42. Bg6+ Kg8 43. Bh7+ Kf8 44. Rxe1 Rf6 45. Re6 fxe6 46. Bg6
exd5 47. Qh3 Qe7 48. Qd3 Qe1+ 49. Kg2 Rf2+ 50. Kh3 Qh1+ 0-1

[Event "Russian Championship B15 2016"]
[Site "Loo"]
[Date "2016.04.24"]
[Round "5.24"]
[White "Moiseev, Danila"]
[Black "Akochenok, Daniil"]
[Result "1-0"]
[WhiteElo "2135"]
[BlackElo "1934"]
[PlyCount "171"]
[EventDate "2016.04.20"]

1. e4 c5 2. Nf3 d6 3. d4 cxd4 4. Nxd4 Nf6 5. f3 a6 6. c4 e6 7. Be3 Be7 8. Nc3
b6 9. Be2 Bb7 10. O-O O-O 11. Qd2 Nbd7 12. Rfd1 Rc8 13. Rac1 Qc7 14. Kh1 Qb8
15. Bg1 Bd8 16. b4 Bc7 17. Qb2 Rfe8 18. Bf1 Qa8 19. a4 d5 20. exd5 exd5 21.
cxd5 Nxd5 22. Nxd5 Bxd5 23. Nf5 Be5 24. Rxc8 Qxc8 25. Bd4 Bxd4 26. Qxd4 Nf6 27.
Nd6 Qb8 28. Nxe8 Qxe8 29. Qxb6 h6 30. Bc4 Qxa4 31. Qd8+ Kh7 32. Bd3+ g6 33. Be2
Kg7 34. Rxd5 Nxd5 35. Qxd5 Qxb4 36. Qd1 a5 37. h3 a4 38. Qa1+ Kh7 39. Bd3 a3
40. Qa2 Kg7 41. Bc4 Qe1+ 42. Kh2 Qe5+ 43. g3 Qc7 44. Bb3 Qa7 45. Kg2 Qe7 46. g4
g5 47. Bd5 Qa7 48. Kf1 Qe3 49. Kg2 Qa7 50. Qd2 Qc5 51. Kf1 Qb5+ 52. Ke1 Qb1+
53. Ke2 Qb5+ 54. Ke3 Qe8+ 55. Kd3 Qb5+ 56. Kc3 Qb1 57. Bb3 Qf1 58. Qd4+ Kg8 59.
Qd5 Qe1+ 60. Kd4 Qd2+ 61. Kc5 Qa5+ 62. Kd6 Qb6+ 63. Kd7 Qa7+ 64. Kc6 Qa6+ 65.
Kc5 Qa5+ 66. Kc4 Qc7+ 67. Kb4 Qe7+ 68. Qc5 Qb7+ 69. Kxa3 Qxf3 70. Qf5 Qb7 71.
Qg6+ Kf8 72. Qxh6+ Ke8 73. Qxg5 Qa8+ 74. Kb4 Qe4+ 75. Kc3 Qf3+ 76. Kd4 Qxb3 77.
Qe3+ Qxe3+ 78. Kxe3 Ke7 79. Kf4 Kf6 80. h4 Kg6 81. Ke5 Kg7 82. Kf5 Kg8 83. h5
Kf8 84. h6 Kg8 85. g5 Kh7 86. Kf6 1-0

[Event "Russian Championship B15 2016"]
[Site "Loo"]
[Date "2016.04.24"]
[Round "5.25"]
[White "Dyurmenov, Beslan"]
[Black "Zakharov, Nikita"]
[Result "0-1"]
[WhiteElo "1757"]
[BlackElo "1940"]
[PlyCount "64"]
[EventDate "2016.04.20"]

1. Nf3 Nf6 2. c4 g6 3. g3 Bg7 4. Bg2 c5 5. d3 O-O 6. O-O Nc6 7. Nbd2 d5 8. Re1
b6 9. Rb1 Bb7 10. b3 Qc7 11. Bb2 d4 12. a3 a5 13. b4 axb4 14. axb4 e5 15. b5
Nb4 16. Qb3 Bh6 17. Nf1 Rfe8 18. Ra1 Rxa1 19. Rxa1 e4 20. Nxd4 exd3 21. exd3
Bxg2 22. Kxg2 Ng4 23. Qd1 Qd7 24. Nf3 Nxd3 25. Ra7 Nf4+ 26. gxf4 Qxd1 27. h3
Nxf2 28. Ne5 Ne4 29. Ba1 Qe2+ 30. Kg1 Qf2+ 31. Kh1 Qxf1+ 32. Kh2 Bxf4# 0-1

[Event "Russian Championship B15 2016"]
[Site "Loo"]
[Date "2016.04.24"]
[Round "5.26"]
[White "Baranovskiy, Daniil"]
[Black "Khroni, Nikita"]
[Result "1/2-1/2"]
[WhiteElo "1899"]
[BlackElo "1688"]
[PlyCount "84"]
[EventDate "2016.04.20"]

1. d4 Nf6 2. Nf3 g6 3. Nc3 Bg7 4. e4 d6 5. Be3 O-O 6. Be2 Nbd7 7. O-O e5 8.
dxe5 Nxe5 9. Nxe5 dxe5 10. Bc4 c6 11. f3 b5 12. Bb3 a5 13. a4 b4 14. Nb1 Ba6
15. Re1 Qc7 16. c3 Rfd8 17. Qc1 Bf8 18. Bg5 Bc5+ 19. Kh1 Rd6 20. Nd2 Rad8 21.
Bc4 Qb6 22. Bxa6 Qxa6 23. Nb3 Qb6 24. c4 Re6 25. Nxc5 Qxc5 26. Be3 Qe7 27. Bb6
Ra8 28. Qe3 Nd7 29. c5 Nxb6 30. cxb6 Rb8 31. Red1 Rd6 32. h3 c5 33. Rd5 Rxd5
34. exd5 Rd8 35. Rd1 Kf8 36. Qe2 Rd6 37. b7 Qxb7 38. Qxe5 Rd8 39. d6 Kg8 40. d7
Qc6 41. Qe7 Qc7 42. Rd6 c4 1/2-1/2

[Event "Russian Championship B15 2016"]
[Site "Loo"]
[Date "2016.04.24"]
[Round "5.27"]
[White "Koren, Vladimir"]
[Black "Kokuev, Iljya"]
[Result "1-0"]
[WhiteElo "1826"]
[BlackElo "1446"]
[PlyCount "79"]
[EventDate "2016.04.20"]

1. e4 e5 2. Nf3 Nc6 3. Bb5 a6 4. Ba4 Nf6 5. O-O Be7 6. Re1 b5 7. Bb3 O-O 8. c3
d6 9. d3 Bb7 10. Nbd2 Nd7 11. Nf1 Bf6 12. Ne3 g6 13. Nd5 Bg7 14. Bg5 Qc8 15.
Qd2 Re8 16. a3 Nf8 17. Nf6+ Bxf6 18. Bxf6 Nd7 19. Bh4 Na5 20. Ba2 Kg7 21. Bg5
f6 22. Bh6+ Kh8 23. Nh4 c5 24. Bf7 Re7 25. Bxg6 Nb3 26. Qe2 Nxa1 27. Nf5 hxg6
28. Nxe7 Qe8 29. Nd5 Nb3 30. Nc7 Qf7 31. Nxa8 Bxa8 32. Qg4 g5 33. h4 gxh4 34.
Re3 Qh7 35. Rh3 f5 36. Qxh4 Qg6 37. Qd8+ Kh7 38. Qxd7+ Kh8 39. Bg7+ Kg8 40.
Rh8# 1-0

[Event "Russian Championship B17 1st league 2016"]
[Site "Loo"]
[Date "2016.04.24"]
[Round "5.1"]
[White "Karpenko, Artem"]
[Black "Postnikov, Artem"]
[Result "1-0"]
[WhiteElo "2324"]
[BlackElo "2147"]
[PlyCount "111"]
[EventDate "2016.04.20"]

1. Nf3 Nf6 2. d4 d5 3. c4 c6 4. g3 e6 5. Bg2 Nbd7 6. Nbd2 Be7 7. O-O O-O 8. Qc2
b6 9. e4 Bb7 10. e5 Ne8 11. cxd5 cxd5 12. Re1 Rc8 13. Qd1 Nc7 14. Nf1 f5 15.
exf6 Rxf6 16. Bg5 Rf8 17. Bf4 Nf6 18. Bxc7 Qxc7 19. Ng5 Qc2 20. Nxe6 Rfe8 21.
Ne3 Qxb2 22. Rb1 Qa3 23. Nf5 Bf8 24. Nxf8 Qxf8 25. Qb3 Kh8 26. Rxe8 Rxe8 27.
Ne3 Qd6 28. Rc1 Qd7 29. Qa3 Bc6 30. h4 Qb7 31. Qd6 Bb5 32. Nxd5 Nxd5 33. Bxd5
Qe7 34. Qxe7 Rxe7 35. Rc8+ Re8 36. Rxe8+ Bxe8 37. Be6 Bb5 38. f4 g6 39. Kf2 Kg7
40. Ke3 Kf6 41. Bb3 a5 42. a3 h6 43. Ke4 Bc6+ 44. Bd5 Bd7 45. Bb7 Bh3 46. d5
Bg2+ 47. Kd4 Bf3 48. Bc8 h5 49. Ba6 Bg4 50. Bb5 Bh3 51. Be8 Bf5 52. d6 Ke6 53.
d7 Ke7 54. Kd5 Bd3 55. Kc6 b5 56. Kc7 1-0

[Event "Russian Championship B17 1st league 2016"]
[Site "Loo"]
[Date "2016.04.24"]
[Round "5.2"]
[White "Ofitserian, Boris"]
[Black "Kolmagorov, Alexey"]
[Result "1-0"]
[WhiteElo "2313"]
[BlackElo "2037"]
[PlyCount "59"]
[EventDate "2016.04.20"]

1. d4 Nf6 2. c4 e6 3. g3 Bb4+ 4. Bd2 Qe7 5. Bg2 Bxd2+ 6. Qxd2 O-O 7. Nc3 d6 8.
e3 e5 9. Nge2 a5 10. h3 Nbd7 11. g4 c6 12. O-O Ne8 13. Ng3 g6 14. f4 Nb6 15. b3
f5 16. gxf5 gxf5 17. dxe5 dxe5 18. e4 Ng7 19. Rae1 Qc5+ 20. Kh1 Qd4 21. Qc2
exf4 22. Rxf4 a4 23. Ref1 axb3 24. axb3 Ra3 25. exf5 Qe5 26. f6 Nh5 27. Nxh5
Qxh5 28. f7+ Kg7 29. Nb5 Bxh3 30. Qc3+ 1-0

[Event "Russian Championship B17 1st league 2016"]
[Site "Loo"]
[Date "2016.04.24"]
[Round "5.3"]
[White "Shkurkin, Andrey"]
[Black "Smorchkov, Danil"]
[Result "0-1"]
[WhiteElo "2255"]
[BlackElo "2017"]
[PlyCount "60"]
[EventDate "2016.04.20"]

1. d4 Nf6 2. c4 e6 3. g3 d5 4. Bg2 dxc4 5. Nf3 a6 6. Ne5 c5 7. Nxc4 cxd4 8. O-O
Bc5 9. b4 Ba7 10. Ba3 O-O 11. b5 axb5 12. Bxf8 bxc4 13. Ba3 Nc6 14. Nd2 c3 15.
Nc4 e5 16. Rb1 Be6 17. Rxb7 Bxc4 18. Bxc6 Qc8 19. Rc7 Qxc7 20. Bxa8 Qa5 21. Bd6
Qa6 22. Bxe5 Bxe2 23. Bb7 Qc4 24. Qe1 Bxf1 25. Qxf1 Qxa2 26. Bxf6 gxf6 27. Be4
d3 28. Bxd3 Qd2 29. Qb1 Qxf2+ 30. Kh1 Qf3# 0-1